Les Arrels llegendàries de Catalunya / Xavier Fàbregas ; pròleg de Jordi Sarsanedas
ISBN:
84-7410-298-7
Descripción Física:
359 p. ; 20 cm
Colección:
Orígens, Els (La Magrana) ; 20
Otros Autores:
Sarsanedas, Jordi, 1924-2006
MARC
| LEADER | 00000nam a2200000Ia 4500 | ||
|---|---|---|---|
| 001 | 17076 | ||
| 008 | 160829s1987 xx 000 0 cat d | ||
| 020 | |a 84-7410-298-7 | ||
| 080 | |a M-5-120 | ||
| 100 | 1 | |a Fàbregas, Xavier, |d 1931-1985 |9 50443 | |
| 245 | |a Les Arrels llegendàries de Catalunya / Xavier Fàbregas ; pròleg de Jordi Sarsanedas | ||
| 260 | |a Barcelona : |b La Magrana, |c 1987 | ||
| 300 | |a 359 p. ; |c 20 cm | ||
| 490 | |a Orígens, Els (La Magrana) ; 20 | ||
| 650 | 0 | |a Llegendes |z Catalunya |9 34016 | |
| 651 | 0 | |a Catalunya |9 51009 | |
| 651 | 0 | |a Catalunya |x Folklore |9 54778 | |
| 700 | |a Sarsanedas, Jordi, |d 1924-2006 |e escriptor d'un pròleg |9 24454 | ||
| 901 | |a Arxiu | ||
| 942 | |n 1 |2 udc | ||
| 952 | |0 0 |1 0 |4 0 |6 M5120 |7 1 |9 43164 |a Arxiu |b Arxiu |d 2016-12-01 |l 0 |o M-5-120 |p 17076 |r 2016-12-01 00:00:00 |w 2016-12-01 |y ARXIU | ||
| 999 | |c 45708 |d 45708 | ||